Toffler 1985 (Registro nro. 17293)

Detalles MARC
000 -LEADER
fixed length control field 00343 a2200121 4500
001 - CONTROL NUMBER
control field ART_2324
005 - DATE AND TIME OF LATEST TRANSACTION
control field 20260410161725.0
008 - FIXED-LENGTH DATA ELEMENTS--GENERAL INFORMATION
fixed length control field 260409a
100 1# - MAIN ENTRY--PERSONAL NAME
Personal name Serra, Roberto
245 10 - TITLE STATEMENT
Title Toffler 1985
700 1# - ADDED ENTRY--PERSONAL NAME
Personal name Hermida, Jorge Alfredo
773 0# - HOST ITEM ENTRY
Title Administración de empresas
Related parts - Año XVI, Nº 186 (sep. 1985)
Record control number REV2036

No hay ítems disponibles.